Trees from the Movies Quiz Stats

 Plays Quiz Updated Jan 25, 2014

Support Sporcle.
Go Orange.
Score 0/16 Timer 06:00
1 Play Today
% Correct
Avatar
84.5%
Harry Potter and the Prisoner of Azkaban
75.2%
The Lorax
62.5%
The Lion King
61%
The Lord of the Rings: The Two Towers
60.6%
Pocahontas
59.4%
Winnie the Pooh
57.6%
The Wizard of Oz
53.2%
% Correct
Swiss Family Robinson
46.7%
Sleepy Hollow
38.2%
Forrest Gump
34.8%
Bridge to Terabithia
30.4%
Peter Pan
28.2%
FernGully: The Last Rainforest
24.6%
Fantastic Mr. Fox
12.1%
Poltergeist
8.1%

From the Vault

Letter Equations

by Booger

If 57 HV brings to mind 57 Heinz Varieties, you should find this quiz a cinch.
Remove Ads.
Support Sporcle.
Get the best of Sporcle when you Go Orange. This ad-free experience offers more features, more stats, and more fun while also helping to support Sporcle. Thank you for becoming a member.

Show Comments

Extras

Top Quizzes Today


Score Distribution

Your Account Isn't Verified!

In order to create a playlist on Sporcle, you need to verify the email address you used during registration. Go to your Sporcle Settings to finish the process.

Report this User

Report this user for behavior that violates our Community Guidelines.

Details: